Hydrodynamic behavior and interacting particle systems /

Bibliographic Details
Corporate Author: University of Minnesota. Institute for Mathematics and Its Applications
Other Authors: Papanicolaou, George
Format: Book
Language:English
Published: New York : Springer-Verlag, [1987]
Series:IMA volumes in mathematics and its applications ; v. 9.
Subjects:

MARC

Tag First Indicator Second Indicator Subfields
LEADER 00000cam a2200000 a 4500
001 in00000014403
005 20151007052215.0
008 870701s1987 nyua b 10000 eng
010 |a  87016700  
020 |a 038796584X :  |c $19.80 
035 |a (OCoLC)16227790 
035 |9 AAA6769AM 
040 |a DLC  |c DLC  |d TXA  |d UtOrBLW 
049 |a TXAM  |c [A11045727] 
050 0 0 |a QA922  |b .H93 1987 
082 0 |a 532/.051  |2 19 
245 0 0 |a Hydrodynamic behavior and interacting particle systems /  |c George Papanicolaou, editor. 
264 1 |a New York :  |b Springer-Verlag,  |c [1987] 
264 4 |c ©1987 
300 |a 210 pages :  |b illustrations ;  |c 25 cm. 
336 |a text  |b txt  |2 rdacontent 
337 |a unmediated  |b n  |2 rdamedia 
338 |a volume  |b nc  |2 rdacarrier 
490 1 |a The IMA volumes in mathematics and its applications ;  |v v. 9 
500 |a Papers presented at a workshop, held at the Institute for Mathematics and its Applications of the University of Minnesota during the week of March 17, 1986. 
504 |a Includes bibliographies. 
650 0 |a Two-phase flow  |v Congresses. 
650 0 |a Multiphase flow  |v Congresses. 
650 0 |a Stochastic processes  |v Congresses. 
650 0 |a Transport theory  |v Congresses. 
700 1 |a Papanicolaou, George. 
710 2 |a University of Minnesota.  |b Institute for Mathematics and Its Applications. 
830 0 |a IMA volumes in mathematics and its applications ;  |v v. 9. 
999 |a MARS 
999 f f |s df0c7f28-6668-3da0-af38-01fc3144948c  |i 740658b7-18e3-386f-8876-1f885b98f8a9  |t 0 
952 f f |p normal  |a Texas A&M University  |b College Station  |c Sterling C. Evans Library  |d Evans: Library Stacks  |t 0  |e QA922 .H93 1987  |h Library of Congress classification  |i unmediated -- volume  |m A14811045727 
998 f f |a QA922 .H93 1987  |t 0  |l Evans: Library Stacks